| 000 | 00319nam a2200121Ia 4500 | ||
|---|---|---|---|
| 008 | 240731s9999 xx 000 0 und d | ||
| 022 | _a1178-2013 | ||
| 245 | 0 | _aInternational Journal of Nanomedicine | |
| 260 | _bDove Medical Press | ||
| 856 | _uhttps://www.tandfonline.com/loi/dijn20 | ||
| 942 | _2ddc | ||
| 942 | _cTFEJ | ||
| 999 |
_c77171 _d77171 |
||
| 945 |
_a1 _bMadushi Gamage _c1 _dMadushi Gamage |
||